RESEARCH METHODOLOGY FOR FACULTY (Record no. 5759)

MARC details
000 -LEADER
fixed length control field 00388nam a22001577a 4500
005 - DATE AND TIME OF LATEST TRANSACTION
control field 20181222102948.0
008 - FIXED-LENGTH DATA ELEMENTS--GENERAL INFORMATION
fixed length control field 181222b xxu||||| |||| 00| 0 eng d
020 ## - INTERNATIONAL STANDARD BOOK NUMBER
ISBN 978-93-85000-90-4
041 ## - LANGUAGE CODE
Language code of text/sound track or separate title eng
082 ## - DEWEY DECIMAL CLASSIFICATION NUMBER
Classification number 001.42
100 ## - MAIN ENTRY--AUTHOR NAME
Personal name ARORA, V P S AND OTHERS
245 ## - TITLE STATEMENT
Title RESEARCH METHODOLOGY FOR FACULTY
260 ## - PUBLICATION, DISTRIBUTION, ETC. (IMPRINT)
Place of publication DELHI
Name of publisher C E G R
Year of publication 2016
300 ## - PHYSICAL DESCRIPTION
Number of Pages 271 p,
942 ## - ADDED ENTRY ELEMENTS (KOHA)
Koha item type Books
Holdings
Lost status Damaged status Home library Current library Shelving location Date acquired Source of acquisition Cost, normal purchase price Full call number Accession Number Koha item type
    JRU Library   SHELF-6-E 22/12/2018 lohia books international 685.00 001.42 22483 Books
    JRU Library   SHELF-6-E 22/12/2018 lohia books international 685.00 001.42 22484 Books